Pays les plus gros pollueurs du monde : classement 2022 - Statistiques

Statistiques générales
  • Ce quiz a été pris 560 fois
  • Le résultat moyen est 7 sur 10
Statistiques - réponses
Hint Réponse % Correct
1 Chine
98%
2 etats unis
96%
3 inde
89%
4 russie
82%
5 japon
76%
7 allemagne
61%
10 canada
60%
8 Corée du sud
41%
9 arabie saoudite
36%
6 iran
23%
Aucun quiz correspondant
Distribution des résultats
% des personnes avec chaque résultat
Percentile par nombre de réponses
Votre historique - résultats
Vous n’avez pas pris ce quiz